000
00215 a2200109 4500
001
8871
082
_a
808.81 JON
090
_c
7064
_d
7064
100
_a
Jones P M
245
_a
Modern Verse
_h
English
260
_b
Oxford
_a
1955
942
_a
NUST-CAE
999
_c
243944
_d
243944